000 00613nam a2200229Ia 4500
003 OSt
005 20220924131934.0
006 a|||||r|||| 00| 0
007 ta
008 220923b |||||||| |||| 00| 0 tel d
024 _a335628
037 _cTextual
040 _aARTS
_cARTS
_btel
041 _2tel
_atel
082 _aO35,3NCH7,4, M4
100 _aChandur Malati
_9203313
245 0 _aSadyogam
260 _aVijayawada
_bPallavi Publications India
_c1984
650 _aTELUGU FICTION
942 _hO35,3NCH7,4, M4
_cTEXL
_2CC
999 _c428689
_d428689